[Event "MNT-chT 1st League"]
[Site "Podgorica"]
[Date "2021.05.22"]
[Round "4.1"]
[White "Vujovic, Savo"]
[Black "Kovacevic, Nikola R"]
[Result "1-0"]
[WhiteElo "2167"]
[BlackElo "1994"]
[PlyCount "43"]
[EventDate "2021.05.20"]
[EventType "team-tourn"]
[EventRounds "7"]
[EventCountry "MNE"]
[SourceTitle "EXT 2022"]
[Source "ChessBase"]
[SourceDate "2021.10.06"]
[SourceVersion "1"]
[SourceVersionDate "2021.10.06"]
[SourceQuality "1"]

1. e4 g6 2. d4 Bg7 3. Nc3 d6 4. Be3 Nf6 5. f3 0-0 6. Qd2 c6 7. 0-0-0 Qa5 8. Kb1 b5 9. Nd5 Qd8 10. Nxf6+ exf6 11. Bh6 Nd7 12. h4 Rb8 13. h5 Bxh6 14. Qxh6 g5 15. f4 Nb6 16. Bd3 g4 17. f5 Kh8 18. Rh4 Rg8 19. Rf1 Nc4 20. Rf4 Ne3 21. Rf2 c5 22. Qxe3 1-0

[Event "MNT-chT 1st League"]
[Site "Podgorica"]
[Date "2021.05.21"]
[Round "2.1"]
[White "Vulevic, Vjekoslav"]
[Black "Kovacevic, Nikola R"]
[Result "1-0"]
[WhiteElo "2147"]
[BlackElo "1994"]
[PlyCount "71"]
[EventDate "2021.05.20"]
[EventType "team-tourn"]
[EventRounds "7"]
[EventCountry "MNE"]
[SourceTitle "EXT 2022"]
[Source "ChessBase"]
[SourceDate "2021.10.06"]
[SourceVersion "1"]
[SourceVersionDate "2021.10.06"]
[SourceQuality "1"]

1. e4 c5 2. Nf3 d6 3. Bb5+ Nc6 4. 0-0 Bd7 5. c3 Nf6 6. Re1 e5 7. d4 Qc7 8. Bg5 Be7 9. a4 0-0 10. Na3 a6 11. Bf1 Bg4 12. d5 Nb8 13. Bxf6 Bxf6 14. Nc4 Nd7 15. a5 Rae8 16. h3 Bxf3 17. Qxf3 g6 18. b4 cxb4 19. cxb4 Bg5 20. Qa3 f5 21. exf5 Rxf5 22. b5 Nc5 23. bxa6 bxa6 24. Ra2 Ref8 25. Rc2 Be7 26. Ne3 Rf4 27. g3 R4f7 28. h4 Qa7 29. Bh3 Kh8 30. Be6 Rf3 31. Bg4 R3f7 32. Ree2 h5 33. Bh3 Rf6 34. Bg2 R6f7 35. Rb2 e4 36. Rb6 1-0

[Event "Vojvodina-chT"]
[Site "Kac"]
[Date "2016.11.19"]
[Round "6.5"]
[White "Nagy, Attila"]
[Black "Kovacevic, Nikola R"]
[Result "1-0"]
[WhiteElo "2185"]
[BlackElo "1698"]
[PlyCount "59"]
[EventDate "2016.11.15"]
[EventType "team-tourn"]
[EventRounds "11"]
[EventCountry "SRB"]
[SourceTitle "CBM 175 Extra"]
[Source "ChessBase"]
[SourceDate "2016.12.12"]
[SourceVersion "1"]
[SourceVersionDate "2016.12.12"]
[SourceQuality "1"]
[WhiteTeam "Senta"]
[BlackTeam "Sloga"]
[WhiteTeamCountry "SRB"]
[BlackTeamCountry "SRB"]

1. Nf3 e6 2. g3 d5 3. Bg2 Nf6 4. 0-0 c5 5. c4 Be7 6. cxd5 exd5 7. d4 cxd4 8. Nxd4 Nc6 9. Nc3 h6 10. Be3 a6 11. Rc1 0-0 12. Na4 Ne5 13. Bf4 Bd6 14. Nc3 Ng6 15. Bxd6 Qxd6 16. Nb3 Rd8 17. Qd4 Ne7 18. Rfd1 Nf5 19. Qc5 Qxc5 20. Nxc5 b6 21. Nxd5 Rxd5 22. Rxd5 Nxd5 23. Bxd5 Rb8 24. Nb3 Ne7 25. Bc4 b5 26. Bd3 Be6 27. Nc5 Bxa2 28. Nxa6 Rb6 29. Nb4 Be6 30. Rc5 1-0

[Event "Vojvodina-chT"]
[Site "Kac"]
[Date "2016.11.16"]
[Round "2.5"]
[White "Kovacevic, Nikola R"]
[Black "Klasan, Vladimir"]
[Result "0-1"]
[WhiteElo "1698"]
[BlackElo "2387"]
[PlyCount "66"]
[EventDate "2016.11.15"]
[EventType "team-tourn"]
[EventRounds "11"]
[EventCountry "SRB"]
[SourceTitle "CBM 175 Extra"]
[Source "ChessBase"]
[SourceDate "2016.12.12"]
[SourceVersion "1"]
[SourceVersionDate "2016.12.12"]
[SourceQuality "1"]
[WhiteTeam "Sloga"]
[BlackTeam "Omladinac"]
[WhiteTeamCountry "SRB"]
[BlackTeamCountry "SRB"]

1. d4 Nf6 2. Bf4 d6 3. e3 g6 4. Be2 Bg7 5. Nd2 0-0 6. h4 Nc6 7. h5 e5 8. dxe5 dxe5 9. Bg3 Qe7 10. c3 Bf5 11. Qa4 Nxh5 12. Bxh5 gxh5 13. e4 Bg6 14. Ngf3 Rab8 15. a3 b5 16. Qc2 Bh6 17. Bh4 f6 18. Rd1 Kh8 19. 0-0 Rg8 20. Bg3 Nd8 21. Rfe1 Ne6 22. Nf1 Rbd8 23. Nh4 Rxd1 24. Qxd1 Rd8 25. Qe2 a6 26. Nf5 Bxf5 27. exf5 Ng7 28. f4 h4 29. Bxh4 Bxf4 30. g3 Nxf5 31. Bxf6+ Qxf6 32. gxf4 Rg8+ 33. Kh1 Qh4+ 0-1

[Event "Novi Sad Serbian op"]
[Site "Novi Sad"]
[Date "2016.11.12"]
[Round "8"]
[White "Kovacevic, Nikola R"]
[Black "Bensaid, Simon"]
[Result "0-1"]
[WhiteElo "1698"]
[BlackElo "1965"]
[PlyCount "50"]
[EventDate "2016.11.06"]
[EventType "swiss"]
[EventRounds "9"]
[EventCountry "SRB"]
[SourceTitle "CBM 175 Extra"]
[Source "ChessBase"]
[SourceDate "2016.12.12"]
[SourceVersion "1"]
[SourceVersionDate "2016.12.12"]
[SourceQuality "1"]

1. e4 c5 2. Nf3 a6 3. d4 cxd4 4. Nxd4 e6 5. c4 Qc7 6. Nc3 d6 7. Bd3 Nd7 8. Be3 Ngf6 9. 0-0 Be7 10. f4 b6 11. f5 Ne5 12. b3 Neg4 13. Bg5 Qc5 14. Be2 e5 15. Bxg4 Nxg4 16. Bxe7 Ne3 17. Qh5 Qxd4 18. f6 Nxf1+ 19. Kh1 g6 20. Qh6 Qxc3 21. Qg7 Qxa1 22. Qxh8+ Kd7 23. Qd8+ Kc6 24. Qxd6+ Kb7 25. Qd5+ Ka7 0-1